000 00542nam a2200217Ia 4500
003 OSt
005 20221005133808.0
006 a|||||r|||| 00| 0
007 ta
008 221004b |||||||| |||| 00| 0 pan d
024 _a65312
037 _cTextual
040 _aCRL
_cCRL
_bpan
041 _2pan
_apan
082 _aO153k, J9
245 0 _aਪੰਜਾਬੀ ਕੋFਕਾਰੀ
260 _c1958
650 _aਪੰਜਾਬੀ ਸਾਹਿਤ
942 _hO153k, J9
_cTEXL
_2cc
999 _c1067902
_d1067902